000 01345 a2200337 4500
001 10506
005 20260407155439.0
008 260407a2010 arg spa d
003 AR-UNSa-BCEJYS
040 _aAR-UNSa-BCEJYS
_bspa
_cAR-UNSa-BCEJYS
080 _a658.012.123
_xModelos de decisión. Diagramas de decisión. Árboles de decisión (Cursogramas)
245 1 0 _aTeoría de la decisión
020 _a978-987-615-098-9
264 1 _aBuenos Aires :
_bPearson Educación
_c2010
300 _a470 p.
_c23 cm.
505 _a1. La decisión - 2. La incertidumbre - 3. Los elementos - 4. Las herramientas - 5. Los objetivos - 6. Análisis de sensibilidad - 7. Simulación - 8. Teoría del valor axiomática - 9. La economía de la información - 10. Sesgos cognitivos - 11. Decisiones grupales
942 _cBK
590 _aniveau_biblio:m niveau_hierar:0
100 1 _aBonatti, Patricia
700 1 _aAguirre, Marcela
700 1 _aRegno, Leandro Del
700 1 _aDias, Andrea
700 1 _aEsseiva, Federico
700 1 _aLizaso, Ricardo
700 1 _aMonti, Virginia
700 1 _aSerrano, Sofía
700 1 _aSlotnisky, Ariel
700 1 _aTagle, Santiago
700 1 _aWeissmann, Ernesto
856 4 1 _uhttps://biblioeco.unsa.edu.ar/pmb/images/libros/Teoria de la decision2-l118804.jpg
_yImagen de portada
_qimage/jpeg
999 _c468
_d468